| 000 | 00364nam a22001337a 4500 | ||
|---|---|---|---|
| 008 | 140114b xxu||||| |||| 00| 0 eng d | ||
| 050 | _aPQ2637.A82E54 | ||
| 100 |
_aSartre Jean Paul _96629 |
||
| 245 |
_aIn the mesh _ba scenario |
||
| 260 |
_aLondon _bAndrew Dakers _c1954 |
||
| 300 |
_a128p. _c18cm |
||
| 700 |
_aSavill, Mervyn (tr) _96630 |
||
| 942 |
_2lcc _cMONOGRAPH |
||
| 999 |
_c119558 _d119558 |
||